000 00212nam a2200097Ia 4500
005 20251222113744.0
008 251222s1900||||xx |||||||||||||| ||spa||
082 _aDVD0080/T48/2006
245 0 _aMagnolia:
942 _cDVD
999 _c722
_d722